00673 2200193 4500001002100000005001700021008004100038035002500079041000800104043001200112084001700124090001700141100004300158245017000201260003500371650004600406850001200452999001500464YOGYA-0209000002721520150910125249.0 ind  a0010-020900000027215 aInd aYOPDYOG aR 388bInd P aR 388bInd P aINDONESIA. (Peraturan-peraturan, dsb.) aPeraturan Pemerintah pengganti Undang-Undang nomor 1 tahun 1992 tentang Penangguhan berlakunya Undang-undang no. 14 tahun 1992 tentang lalu lintas dan angkutan jalan aJakartabMini Jaya Abadic1993 aLalu lintas - Undang-Undang dan Peraturan aYOPDYOG a06A0021779